| 000 | 00452nam a2200193Ia 4500 | ||
|---|---|---|---|
| 003 | GCL | ||
| 008 | 140319s9999 xx 000 0 eng d | ||
| 040 |
_aGCL / _cGCL |
||
| 082 | 0 | 4 |
_a759 _bR C |
| 100 | 1 | _aREWALD, JOHN | |
| 245 | 1 | 0 |
_aCAMILLE PISSARRO / _cREWALD, JOHN |
| 260 |
_a[S.N] : _bHARRY N. ABRAMS. |
||
| 300 | _a160 PP | ||
| 650 | 0 | 4 | _aPISSARRO, CAMILLE |
| 650 | 0 | 4 | _aARTS |
| 650 | 0 | 4 | _aPAINTING |
| 650 | 0 | 4 | _aPAINTERS |
| 942 |
_2ddc _cBK |
||
| 999 |
_c18947 _d18947 |
||